[Event "Leer op"]
[Site "Leer"]
[Date "2024.10.31"]
[Round "1"]
[White "Koerber, Uwe"]
[Black "Langenberg, Magnus"]
[Result "0-1"]
[WhiteElo "1807"]
[BlackElo "2054"]
[PlyCount "68"]
[EventDate "2024.10.31"]
[EventType "swiss"]
[EventRounds "7"]
[EventCountry "GER"]
[SourceTitle "CB45_2024"]
[Source "ChessBase"]
[SourceDate "2024.11.06"]
[SourceVersion "1"]
[SourceVersionDate "2024.11.06"]
[SourceQuality "1"]

1. e4 c5 2. Nc3 Nc6 3. f4 g6 4. Bc4 Bg7 5. Nf3 e6 6. Qe2 a6 7. a4 Nd4 8. Nxd4 cxd4 9. Nd1 Ne7 10. Bb3 d5 11. d3 0-0 12. 0-0 b6 13. Bd2 a5 14. Rf3 dxe4 15. dxe4 Bb7 16. Nf2 Rc8 17. Re1 Qd7 18. Kh1 Bc6 19. Ra1 b5 20. Bxa5 bxa4 21. Bc4 Rb8 22. Nd3 Qb7 23. Rff1 Bxe4 24. Nc5 Qa7 25. b4 axb3 26. Nxe4 b2 27. Rab1 Qxa5 28. g4 Nd5 29. h4 Ne3 30. Rg1 Qc7 31. Bb3 Qxf4 32. Nc5 Rfc8 33. Nd3 Qe4+ 34. Kh2 Rxb3 0-1

[Event "Bremen Silvester op-A"]
[Site "Bremen"]
[Date "2022.12.28"]
[Round "4"]
[White "Koerber, Uwe"]
[Black "Hart, Alexander E"]
[Result "1/2-1/2"]
[WhiteElo "1819"]
[BlackElo "1999"]
[PlyCount "159"]
[EventDate "2022.12.27"]
[EventType "swiss"]
[EventRounds "7"]
[EventCountry "GER"]
[SourceTitle "CBM 211 Extra"]
[Source "ChessBase"]
[SourceDate "2023.01.31"]
[SourceVersion "1"]
[SourceVersionDate "2023.01.31"]
[SourceQuality "1"]

1. e4 c6 2. d4 d5 3. e5 Bf5 4. Bd3 Bxd3 5. Qxd3 e6 6. Be3 Qb6 7. Nc3 Ne7 8. Nge2 Nf5 9. 0-0 h5 10. Na4 Qa6 11. Qxa6 Nxa6 12. Bg5 h4 13. h3 Rh5 14. Be3 Be7 15. a3 0-0-0 16. Nc5 Nxc5 17. dxc5 d4 18. Bd2 Bxc5 19. Nf4 Rh7 20. b4 Bb6 21. Nd3 Rg8 22. a4 g5 23. f3 Bc7 24. Rfe1 Rhg7 25. b5 Ne7 26. Re4 Nd5 27. Kf1 cxb5 28. axb5 Bb6 29. Ra4 Kb8 30. Rc4 Nc7 31. Nc5 Rd8 32. Na4 Nxb5 33. Nxb6 axb6 34. Rb4 Rd5 35. Re1 Kc7 36. Reb1 Kc6 37. Re1 Rc5 38. Rb2 Rg8 39. Re4 Nc3 40. Rxd4 Na4 41. Rxa4 Rxe5 42. Rc4+ Rc5 43. Re4 Rd8 44. Bxg5 Rxg5 45. Rc4+ Rc5 46. Rxh4 Rd2 47. Rf4 f5 48. h4 Ra5 49. Kg1 Re5 50. Rfb4 Re1+ 51. Kh2 Kd7 52. c3 Rdd1 53. Rd4+ Kc6 54. Rxd1 Rxd1 55. h5 f4 56. Re2 Kd6 57. Kh3 e5 58. Kg4 Ke6 59. Kg5 Rd8 60. Rb2 Rg8+ 61. Kh4 Kf5 62. Rxb6 Rxg2 63. Kh3 Rg3+ 64. Kh2 Rxf3 65. h6 Rxc3 66. h7 Rc8 67. Rxb7 Rh8 68. Kg2 Kg6 69. Re7 Kf6 70. Rb7 Kf5 71. Rf7+ Kg6 72. Re7 Kf6 73. Rb7 e4 74. Rb6+ Kg5 75. Rb5+ Kg4 76. Rb7 Kg5 77. Re7 e3 78. Kf3 Kf6 79. Re4 Rxh7 80. Rxf4+ 1/2-1/2

[Event "Bremen Silvester op-A"]
[Site "Bremen"]
[Date "2022.12.27"]
[Round "1"]
[White "Koerber, Uwe"]
[Black "Hoerr, Matthias"]
[Result "0-1"]
[WhiteElo "1819"]
[BlackElo "2077"]
[PlyCount "106"]
[EventDate "2022.12.27"]
[EventType "swiss"]
[EventRounds "7"]
[EventCountry "GER"]
[SourceTitle "CBM 211 Extra"]
[Source "ChessBase"]
[SourceDate "2023.01.31"]
[SourceVersion "1"]
[SourceVersionDate "2023.01.31"]
[SourceQuality "1"]

1. e4 c5 2. c3 Nf6 3. e5 Nd5 4. d4 cxd4 5. cxd4 d6 6. Qb3 e6 7. Nf3 Nc6 8. exd6 Bxd6 9. Nc3 0-0 10. a3 Re8 11. Be2 Nf4 12. 0-0 Nxe2+ 13. Nxe2 b6 14. Qc2 Bb7 15. Ng5 g6 16. Ne4 Be7 17. Rd1 Rc8 18. Qd3 f5 19. N4c3 Bf6 20. f4 Na5 21. Rb1 a6 22. Be3 b5 23. Kh1 Nc4 24. Ng1 Qa5 25. Bd2 Qb6 26. Nf3 Bxf3 27. Qxf3 Bxd4 28. Be1 Rcd8 29. Bh4 Rd6 30. Ne2 Bxb2 31. Rd3 Nd2 32. Rxd2 Rxd2 33. Be1 Rc2 34. Qd3 Rec8 35. h3 Bf6 36. Rd1 Qc6 37. Bf2 Rd8 38. Qxd8+ Bxd8 39. Rxd8+ Kf7 40. Nd4 Rc1+ 41. Kh2 Qc7 42. Rf8+ Kxf8 43. Nxe6+ Kf7 44. Nxc7 Rxc7 45. Be1 Ke6 46. Bb4 Kd5 47. Kg3 Ke4 48. Kf2 Rc2+ 49. Kg3 Rb2 50. Bd6 a5 51. h4 Rb3+ 52. Kf2 b4 53. axb4 a4 0-1

[Event "Bremen Silvester op"]
[Site "Bremen"]
[Date "2019.12.29"]
[Round "5"]
[White "Pienski, Olaf"]
[Black "Koerber, Uwe"]
[Result "1/2-1/2"]
[WhiteElo "2001"]
[BlackElo "1762"]
[PlyCount "140"]
[EventDate "2019.12.27"]
[EventType "swiss"]
[EventRounds "7"]
[EventCountry "GER"]
[SourceTitle "CBM 194 Extra"]
[Source "ChessBase"]
[SourceDate "2020.03.31"]
[SourceVersion "1"]
[SourceVersionDate "2020.03.31"]
[SourceQuality "1"]

1. e4 c5 2. Nf3 Nc6 3. d4 cxd4 4. Nxd4 g6 5. Nc3 Bg7 6. Be3 Nf6 7. Bc4 Qa5 8. Nb3 Qb4 9. Nd2 Qxb2 10. Nb5 Qe5 11. f4 Qb8 12. e5 Nxe5 13. fxe5 Qxe5 14. Kf2 d5 15. Be2 0-0 16. h3 Bf5 17. Rf1 Rac8 18. Bd3 Nh5 19. Qf3 Bxd3 20. cxd3 Rc2 21. d4 Qe6 22. g4 a6 23. gxh5 axb5 24. Rfd1 Rfc8 25. h6 Bh8 26. Kg1 R8c3 27. Nf1 Qb6 28. Qf4 f5 29. Qf3 Qc6 30. Qf4 Bf6 31. h4 Qc4 32. Rac1 Rxc1 33. Rxc1 Rxc1 34. Bxc1 Bxd4+ 35. Kg2 Qe2+ 36. Kh3 e5 37. Ng3 exf4 38. Nxe2 Be3 39. Bb2 Kf7 40. Kg2 g5 41. hxg5 Kg6 42. Kf3 Kxg5 43. Bg7 Bd2 44. Nd4 b4 45. Ne6+ Kg6 46. Nf8+ Kf7 47. Nxh7 Bc3 48. Ng5+ Kg6 49. Ne6 d4 50. Nxf4+ Kh7 51. Ke2 d3+ 52. Kxd3 Bxg7 53. hxg7 Kxg7 54. Kd4 Kf7 55. Nd5 Ke6 56. Nxb4 Kd6 57. Nd3 Kc6 58. Kc4 Kb6 59. Kb4 Ka6 60. Nc5+ Kb6 61. Nd3 Ka6 62. a4 Kb6 63. Ne5 f4 64. Nf3 Ka6 65. Ng5 Kb6 66. Nf3 Ka6 67. Nd2 Kb6 68. Nf3 Ka6 69. Nd4 Kb6 70. Nf3 Ka6 1/2-1/2

[Event "Bremen Silvester op"]
[Site "Bremen"]
[Date "2019.12.28"]
[Round "4"]
[White "Koerber, Uwe"]
[Black "Hattenhauer, Klaus"]
[Result "1-0"]
[WhiteElo "1762"]
[BlackElo "1865"]
[PlyCount "107"]
[EventDate "2019.12.27"]
[EventType "swiss"]
[EventRounds "7"]
[EventCountry "GER"]
[SourceTitle "CBM 194 Extra"]
[Source "ChessBase"]
[SourceDate "2020.03.31"]
[SourceVersion "1"]
[SourceVersionDate "2020.03.31"]
[SourceQuality "1"]

1. e4 d5 2. exd5 Qxd5 3. Nc3 Qd8 4. d4 g6 5. Bc4 Bg7 6. Qf3 Nf6 7. Nge2 c6 8. h3 0-0 9. Bg5 Nbd7 10. 0-0-0 Nb6 11. Bb3 a5 12. a4 Nfd5 13. Ne4 Qc7 14. g4 Be6 15. Nc5 Nd7 16. Nxe6 fxe6 17. Qe4 N7f6 18. Qxe6+ Kh8 19. Ng3 h6 20. Bd2 Nf4 21. Qe3 N6d5 22. Bxd5 Nxd5 23. Qe4 Rxf2 24. Qxg6 Rxd2 25. Rxd2 Qxg3 26. g5 Qxg5 27. Qxg5 hxg5 28. c3 Bf6 29. Kb1 Kg7 30. Rf2 Rh8 31. Rf3 Rh4 32. Ka2 Kf7 33. Kb3 Rf4 34. Rhf1 Rxf3 35. Rxf3 Kg6 36. Kc4 b6 37. b4 axb4 38. cxb4 Nc7 39. a5 bxa5 40. bxa5 Nb5 41. Rd3 Kf5 42. a6 Ke4 43. Rd1 Ke3 44. Rb1 Bxd4 45. Re1+ Kf2 46. Rxe7 Kg3 47. Re4 Ba7 48. Rg4+ Kxh3 49. Rxg5 Nd6+ 50. Kb4 Nb5 51. Rg6 Nd4 52. Kc4 Kh4 53. Rg7 Bb6 54. Rb7 1-0

[Event "Bremen-ch"]
[Site "Bremen"]
[Date "2019.04.16"]
[Round "5.15"]
[White "Meyer, Thorsten1"]
[Black "Koerber, Uwe"]
[Result "1/2-1/2"]
[WhiteElo "1938"]
[BlackElo "1762"]
[PlyCount "39"]
[EventDate "2019.04.13"]
[EventType "swiss"]
[EventRounds "9"]
[EventCountry "GER"]
[SourceTitle "EXT 2020"]
[Source "ChessBase"]
[SourceDate "2019.10.17"]
[SourceVersion "1"]
[SourceVersionDate "2019.10.17"]
[SourceQuality "1"]

1. e4 c5 2. Nf3 Nc6 3. d4 cxd4 4. Nxd4 g6 5. Be3 Bg7 6. Qd2 Nf6 7. f3 0-0 8. c4 d6 9. Nc3 a5 10. Be2 Nd7 11. 0-0 Nxd4 12. Bxd4 Bxd4+ 13. Qxd4 Qb6 14. Qxb6 Nxb6 15. Rfd1 Be6 16. b3 Rfc8 17. Kf2 Rc5 18. Ke3 Kf8 19. g3 f6 20. h4 1/2-1/2

[Event "Bremen-ch"]
[Site "Bremen"]
[Date "2019.04.15"]
[Round "4.23"]
[White "Wolf, Mattis"]
[Black "Koerber, Uwe"]
[Result "0-1"]
[WhiteElo "1210"]
[BlackElo "1762"]
[PlyCount "54"]
[EventDate "2019.04.13"]
[EventType "swiss"]
[EventRounds "9"]
[EventCountry "GER"]
[SourceTitle "EXT 2020"]
[Source "ChessBase"]
[SourceDate "2019.10.17"]
[SourceVersion "1"]
[SourceVersionDate "2019.10.17"]
[SourceQuality "1"]

1. e4 c5 2. Nf3 Nc6 3. Bc4 g6 4. Nc3 Bg7 5. 0-0 a6 6. a4 e6 7. b3 Nge7 8. Ba3 b6 9. Bb2 0-0 10. Qc1 Bb7 11. Ne2 Nd4 12. Nfxd4 cxd4 13. f3 e5 14. c3 Rc8 15. Qe1 Nc6 16. Qf2 Na5 17. cxd4 Nxc4 18. bxc4 Rxc4 19. dxe5 d6 20. d4 dxe5 21. d5 f5 22. exf5 gxf5 23. d6 Bc6 24. a5 bxa5 25. Qg3 Qb6+ 26. Rf2 Qxb2 27. Rxa5 Qb1+ 0-1

[Event "Bremen-ch op"]
[Site "Bremen"]
[Date "2018.03.27"]
[Round "5"]
[White "Koerber, Uwe"]
[Black "Gedecke, Richard"]
[Result "1-0"]
[WhiteElo "1722"]
[BlackElo "1278"]
[PlyCount "57"]
[EventDate "2018.03.24"]
[EventType "swiss"]
[EventRounds "9"]
[EventCountry "GER"]
[SourceTitle "EXT 2019"]
[Source "ChessBase"]
[SourceDate "2018.10.10"]
[SourceVersion "1"]
[SourceVersionDate "2018.10.10"]
[SourceQuality "1"]

1. e4 e5 2. Nf3 d6 3. Bc4 Be7 4. c3 c6 5. Bb3 h6 6. h3 Nf6 7. d3 0-0 8. Be3 Be6 9. Bxe6 fxe6 10. Nbd2 Nbd7 11. Qb3 d5 12. Qxb7 Rb8 13. Qxc6 Rxb2 14. Qxe6+ Kh8 15. exd5 Nc5 16. Bxc5 Bxc5 17. 0-0 Nxd5 18. Ne4 Nf4 19. Qg4 Be7 20. Nxe5 Ne2+ 21. Kh1 Kg8 22. Nc6 Qe8 23. Qe6+ Rf7 24. Rab1 Nf4 25. Nxe7+ Qxe7 26. Qxe7 Rxb1 27. Qxf7+ Kxf7 28. Rxb1 Nxd3 29. Rb7+ 1-0